[Event "GER-ch Net blitz qual1"]
[Site "Playchess.com INT"]
[Date "2021.04.24"]
[Round "9"]
[White "Fabregas, Oliver"]
[Black "Dementev, Dmitrii"]
[Result "1-0"]
[WhiteElo "1980"]
[BlackElo "1718"]
[PlyCount "129"]
[EventDate "2021.04.24"]
[EventType "swiss (blitz)"]
[EventRounds "11"]
[EventCountry "GER"]
[SourceTitle "CBM 202 Extra"]
[Source "ChessBase"]
[SourceDate "2021.07.31"]
[SourceVersion "1"]
[SourceVersionDate "2021.07.31"]
[SourceQuality "1"]

1. Nf3 b6 2. g3 Bb7 3. Bg2 e6 4. d3 f5 5. c4 Nf6 6. Nc3 Bb4 7. 0-0 0-0 8. a3 Be7 9. b4 c5 10. bxc5 Bxc5 11. Bb2 Nc6 12. e3 Qe8 13. d4 Be7 14. Nb5 Rc8 15. Ne5 a6 16. Na7 Nxa7 17. Bxb7 Rc7 18. Bxa6 d6 19. Nd3 Ne4 20. Rc1 Qa8 21. f3 Nf6 22. Bb5 Rfc8 23. Ba4 Nc6 24. Bb3 Na5 25. c5 bxc5 26. Bxe6+ Kh8 27. Bxc8 Qxc8 28. dxc5 dxc5 29. Ne5 c4 30. Bc3 Nb3 31. Rb1 Bxa3 32. Qc2 Bc5 33. Rfe1 Re7 34. Kg2 Qe8 35. Nxc4 Bxe3 36. Rxb3 Ng4 37. Bb4 Nxh2 38. Kxh2 Qh5+ 39. Kg2 Ra7 40. Rexe3 h6 41. Qe2 Ra1 42. Re8+ Kh7 43. Qe1 Rxe1 44. Rxe1 Qf7 45. Nd2 Qb7 46. Reb1 Qb5 47. Bc3 Qd3 48. Kf2 f4 49. gxf4 Qf5 50. Be5 Qh3 51. Ke3 Qh2 52. Rb7 Qg2 53. Bxg7 Kg6 54. Be5 Kh5 55. R1b5 Kh4 56. Rh7 Kg3 57. Rg7+ Kh2 58. Rxg2+ Kxg2 59. f5 Kh3 60. f6 h5 61. f7 h4 62. f8Q Kg2 63. Qg7+ Kh1 64. Kf2 h3 65. Qg1# 1-0